Teatro popular en Lima : (Record no. 22504)

000 -CABECERA
fixed length control field 00969nam a22002537a 4500
003 - IDENTIFICADOR DEL NÚMERO DE CONTROL
control field AR-CdUCM
008 - DATOS DE LONGITUD FIJA--INFORMACIÓN GENERAL
fixed length control field 190425b ||||| |||| 00| 0 spa d
020 ## - NÚMERO INTERNACIONAL ESTÁNDAR DEL LIBRO
ISBN 9786124758416
040 ## - FUENTE DE LA CATALOGACIÓN
Agencia/entidad que catalogó originalmente la obra MUNICIPALIDAD PROVINCIAL DEL CUSCO
Entidad que transcribió la catalogación BIBLIOTECA MUNICIPAL DEL CUSCO
082 ## - NÚMERO DE LA CLASIFICACIÓN DECIMAL DEWEY
No. de Clasificación 792.0985/B59
Notacion interna B59
100 ## - ENTRADA PRINCIPAL--NOMBRE DE PERSONA
Nombre Personal Bischoffshausen H., Gustavo von
245 ## - MENCIÓN DE TÍTULO
Título Teatro popular en Lima :
Resto del título zarzuelas, sainetes y revistas, 1890-1945 /
Mención de responsabilidad Gustavo von Bischoffshausen
260 ## - PUBLICACIÓN, DISTRIBUCIÓN, ETC.
Lugar de publicación, distribución, etc. Lima :
Nombre de la editorial, distribuidor, etc. Máquina de Ideas,
Fecha de publicación, distribución, etc. 2020.
300 ## - DESCRIPCIÓN FÍSICA
Nº de Páginas Extensión 136 páginas. :
Otros detalles físicos ilustraciones, facsíms., planos, retrs. ;
Dimensiones 21 cm.
500 ## - NOTA GENERAL
Bibliografía Bibliografía: p. 131-136.
505 ## - NOTA DE CONTENIDO CON FORMATO
Nota de contenido formateada Contenido: El teatro en la urbe -- El subsistema del teatro popular en Lima -- Las compañías del teatro popular limeño
650 ## - PUNTO DE ACCESO ADICIONAL DE MATERIA--TÉRMINO DE MATERIA
Descriptor Teatro
9 (RLIN) 48354
650 ## - PUNTO DE ACCESO ADICIONAL DE MATERIA--TÉRMINO DE MATERIA
Descriptor Teatro popular
9 (RLIN) 4474
650 ## - PUNTO DE ACCESO ADICIONAL DE MATERIA--TÉRMINO DE MATERIA
Descriptor Actores
9 (RLIN) 562
650 ## - PUNTO DE ACCESO ADICIONAL DE MATERIA--TÉRMINO DE MATERIA
Descriptor Historia
9 (RLIN) 48355
650 ## - PUNTO DE ACCESO ADICIONAL DE MATERIA--TÉRMINO DE MATERIA
Descriptor Siglo XX
9 (RLIN) 48356
942 ## - ELEMENTOS DE PUNTO DE ACCESO ADICIONAL (KOHA)
Fuente de clasificación
Tipo de item Libros-BMC
945 ## - PROCESAMIENTO DE INFORMACIÓN LOCAL (OCLC)
Catalogador rac
Holdings
Estado de retiro (separado) Fuente de clasificación o esquema de estanterías Estado dañado Ubicación Sala donde se ubica Nombre de la colección Fecha de adquisición o compra Fuente de adquisición Costo, precio normal en soles Signatura topográfica Código de Barras Última vez visto (Koha) Tipo de ítem (Koha)
No     Sala Artes Sala Artes Book Cart 2022-09-02 Donación 39.00 792.0985/B59 SA0000000733 2022-09-02 Libros-BMC
No     Sala Artes Sala Artes Book Cart 2022-09-02 Donación 39.00 792.0985/B59/e.2 SA0000000734 2022-09-02 Libros-BMC

Powered by Koha